К вопросу о соотношении "вход-выход" для линейной динамической системы; Известия Томского политехнического института [Известия ТПИ]; Т. 210 : Электроэнергетика
| Parent link: | Известия Томского политехнического института [Известия ТПИ]/ Томский политехнический институт (ТПИ).— , 1944-1976 Т. 210 : Электроэнергетика.— 1974.— [С. 51-56] |
|---|---|
| Autor principal: | |
| Resumo: | Заглавие с титульного листа Электронная версия печатной публикации Предлагается векторно-матричное соотношение между входом и выходом одномерной динамической системы, приближенно эквивалентное известному операторному соотношению через передаточную функцию. Рассматривается пример расчета переходного процесса предлагаемым методом. |
| Idioma: | russo |
| Publicado em: |
1974
|
| Assuntos: | |
| Acesso em linha: | Черно-белая версия для предварительного просмотра Цветная версия без потери качества |
| Formato: | MixedMaterials Recurso Electrónico Capítulo de Livro |
| KOHA link: | https://koha.lib.tpu.ru/cgi-bin/koha/opac-detail.pl?biblionumber=224297 |
MARC
| LEADER | 00000nla2a2200000 4500 | ||
|---|---|---|---|
| 001 | 224297 | ||
| 005 | 20231031200347.0 | ||
| 035 | |a (RuTPU)RU\TPU\book\244601 | ||
| 035 | |a RU\TPU\book\244600 | ||
| 090 | |a 224297 | ||
| 100 | |a 20121023d1974 k y0rusy50 ca | ||
| 101 | 0 | |a rus | |
| 102 | |a RU | ||
| 135 | |a drnn ---uucaa | ||
| 181 | 0 | |a i | |
| 182 | 0 | |a b | |
| 200 | 1 | |a К вопросу о соотношении "вход-выход" для линейной динамической системы |b Электронный ресурс |f В. М. Осипов | |
| 203 | |a Текст |c электронный | ||
| 215 | |a 2 файла (215 Кб, 7.2 Мб) | ||
| 230 | |a Электронные текстовые данные (2 файла : 215 Кб, 7.2 Мб) | ||
| 300 | |a Заглавие с титульного листа | ||
| 300 | |a Электронная версия печатной публикации | ||
| 320 | |a [Библиогр.: с. 56 (4 назв.)] | ||
| 330 | |a Предлагается векторно-матричное соотношение между входом и выходом одномерной динамической системы, приближенно эквивалентное известному операторному соотношению через передаточную функцию. Рассматривается пример расчета переходного процесса предлагаемым методом. | ||
| 337 | |a Adobe Reader | ||
| 461 | 1 | |0 (RuTPU)RU\TPU\book\200995 |t Известия Томского политехнического института [Известия ТПИ] |f Томский политехнический институт (ТПИ) |d 1944-1976 | |
| 463 | 1 | |0 (RuTPU)RU\TPU\book\244591 |t Т. 210 : Электроэнергетика |v [С. 51-56] |d 1974 |p 132 с. | |
| 610 | 1 | |a электронный ресурс | |
| 610 | 1 | |a труды учёных ТПУ | |
| 700 | 1 | |a Осипов |b В. М. | |
| 801 | 1 | |a RU |b 63413507 |c 20090320 |g PSBO | |
| 801 | 2 | |a RU |b 63413507 |c 20121218 |g PSBO | |
| 856 | 4 | |u http://www.lib.tpu.ru/fulltext/v/Bulletin_TPU/1974/v210/09_bw.pdf |z Черно-белая версия для предварительного просмотра | |
| 856 | 4 | |u http://www.lib.tpu.ru/fulltext/v/Bulletin_TPU/1974/v210/09_full.pdf |z Цветная версия без потери качества | |
| 942 | |c CF | ||